| 000 | 00441 a2200169 4500 | ||
|---|---|---|---|
| 001 | 185776 | ||
| 020 | _a978-85-04-01409-9 | ||
| 040 | _cMagnum | ||
| 100 | _aCoelho, Nelly Novaes | ||
| 240 | 1 | 0 |
_aPrimeiro dicionário escolar língua portuguesa _lpor |
| 245 | 1 | 0 | _aPrimeiro dicionário escolar língua portuguesa |
| 300 | _a317 | ||
| 362 | 0 | _a2008 | |
| 440 | 1 | _aCompanhia Editora Nacional | |
| 697 | _aLITERATURA INFANTO | ||
| 942 | _cBK | ||
| 999 |
_c185776 _d185776 |
||